Subjektívne a objektívne metodologické prístupy ku kvalite života

Veľká šírka dimenzií, neprehľadné indikátory a množstvo organizácií zaoberajúcich sa témou kvality života prispelo k vytvoreniu nespočetného počtu indexov a správ na túto tému. Skúmané oblasti zdravotných, vzdelávacích, ekonomických, materiálnych a duchovných dimenzií vytvárajú nepreberné množstvo m...

Ausführliche Beschreibung

Gespeichert in:
Bibliographische Detailangaben
1. Verfasser: Strhár, Pavol
Format: Buchkapitel
Sprache:Slowakisch
Schlagworte:
Tags: Tag hinzufügen
Keine Tags, Fügen Sie das erste Tag hinzu!

MARC

LEADER 00000nla a2200000 4500
001 0172018
005 20240502072941.0
041 0 |a slo 
044 |a SK 
245 1 0 |a Subjektívne a objektívne metodologické prístupy ku kvalite života  |c Pavol Strhár 
520 |a Veľká šírka dimenzií, neprehľadné indikátory a množstvo organizácií zaoberajúcich sa témou kvality života prispelo k vytvoreniu nespočetného počtu indexov a správ na túto tému. Skúmané oblasti zdravotných, vzdelávacích, ekonomických, materiálnych a duchovných dimenzií vytvárajú nepreberné množstvo možností z ktorých príspevok ponúka tie najobjektívnejšie z pohľadu subjektívnej a objektívnej metodológie. 
610 2 0 |a kvalita života 
610 2 0 |a meranie 
610 2 0 |a ukazovatele 
100 1 |a Strhár, Pavol